Sports Quiz

Random Sports or NFL Quiz

NFL Starting QBs (Dallas Cowboys) Quiz Stats

 Plays Quiz Updated Jan 5, 2018

Challenge
Share
Tweet
Embed
Score 0/20 Timer 04:00
14 Plays Today
Starts Player % Correct
127Tony Romo
99.1%
32Dak Prescott
89%
25Troy Aikman
77.6%
22Drew Bledsoe
66.1%
31Quincy Carter
56.8%
9Jon Kitna
52.8%
4Brandon Weeden
52%
7Matt Cassel
44.4%
15Vinny Testaverde
41.9%
2Kellen Moore
37.4%
Starts Player % Correct
3Brad Johnson
34.3%
1Kyle Orton
32.3%
1Drew Henson
29%
2Jason Garrett
27.3%
9Chad Hutchinson
25%
3Ryan Leaf
17.8%
1Stephen McGee
17.2%
3Randall Cunningham
16.2%
5Anthony Wright
13.3%
2Clint Stoerner
8.9%

You're not logged in!

Compare scores with friends on all Sporcle quizzes.
Join for Free
OR
Log In

You Might Also Like...

Show Comments

Extras

Top Quizzes Today


Score Distribution

Your Account Isn't Verified!

In order to create a playlist on Sporcle, you need to verify the email address you used during registration. Go to your Sporcle Settings to finish the process.

Report this User

Report this user for behavior that violates our Community Guidelines.

Details: